书目信息 |
| 题名: |
精细有机合成化学与工艺学
|
|
| 作者: | 冯亚青 , 唐培堃 主编 | |
| 分册: | ||
| 出版信息: | 北京 化学工业出版社 2006 |
|
| 页数: | ||
| 开本: | 29cm | |
| 丛书名: | ||
| 单 册: | ||
| 中图分类: | TQ202 | |
| 科图分类: | ||
| 主题词: | 有机化工 | |
| 电子资源: | ||
| ISBN: | 7-5025-8906-6 | |
| 000 | 00628nam0 2200205 450 | |
| 001 | 0754114953 | |
| 005 | 20070929150154.95 | |
| 010 | @a7-5025-8906-6 | |
| 100 | @a20070929d km y0chiy0120 ea | |
| 101 | 0 | @achi |
| 200 | 1 | @a精细有机合成化学与工艺学@Ajing xi you ji he cheng hua xue yu gong yi xue@f唐培堃,冯亚青 主编@Ftang pei kun,feng ya qing zhu bian |
| 205 | @a2版 | |
| 210 | @a北京@c化学工业出版社@d2006 | |
| 215 | @c插图@d29cm | |
| 606 | 0 | @a有机化工 |
| 690 | @aTQ202@v3 | |
| 701 | 0 | @a冯亚青@Afeng ya qing@4主编 |
| 701 | 0 | @a唐培堃@Atang pei kun@4主编 |
| 801 | 0 | @aCN@bPFT@c20070929 |
| 905 | @a213230@dTQ202@eh176=2@f1 | |
| 精细有机合成化学与工艺学/唐培堃,冯亚青 主编.-2版.-北京:化学工业出版社,2006 |
| 插图;29cm |
| ISBN 7-5025-8906-6: |
| ● |
| 相关链接 |
|
|
|
|
正题名:精细有机合成化学与工艺学
索取号:TQ202/h176=2
 
预约/预借
| 序号 | 登录号 | 条形码 | 馆藏地/架位号 | 状态 | 备注 |
| 1 | 6002261 | 260022610 | 密集书库-化学系/ [索取号:TQ202/h176=2] | 在馆 |